Predikovanie ceny kryptomien pomocou analýzy sentimentu a neurónových sietí
Saved in:
| Main Author: | |
|---|---|
| Other Authors: | |
| Format: | Manuscript Book |
| Language: | Slovak |
| Published: |
2023
|
| Subjects: | |
| Online Access: | http://is.stuba.sk/zp/portal_zp.pl?podrobnosti=170104 |
| Tags: |
No Tags, Be the first to tag this record!
|
MARC
| LEADER | 00000ntm a22000003a 4500 | ||
|---|---|---|---|
| 001 | stuzp94825 | ||
| 003 | SK-STU | ||
| 005 | 20230909223230.2 | ||
| 007 | ta | ||
| 008 | 150427s2015----xo-----f-mn---000-0-slo-d | ||
| 040 | |a STU |b slo | ||
| 041 | 0 | |a slo | |
| 100 | 1 | |a Ďurej, Juraj |u 070400 |4 aut |U FIIT Fakulta informatiky a informačných technológií |T FIIT Ústav počítačového inžinierstva a aplikovanej informatiky |X 92012 |U I400 |Y 672 |7 92012 | |
| 242 | 0 | 1 | |a Cryptocurrency price prediction using sentiment analysis and neural network |y eng |
| 245 | 1 | 0 | |a Predikovanie ceny kryptomien pomocou analýzy sentimentu a neurónových sietí |
| 260 | |c 2023 | ||
| 650 | 4 | |a kryptomeny |2 slo | |
| 650 | 4 | |a predikcia ceny |2 slo | |
| 650 | 4 | |a analýza sentimentu |2 slo | |
| 650 | 4 | |a hlboké učenie |2 slo | |
| 650 | 4 | |a obchodovací robot |2 slo | |
| 650 | 4 | |a cryptocurrencies |2 eng | |
| 650 | 4 | |a price prediction |2 eng | |
| 650 | 4 | |a sentiment analysis |2 eng | |
| 650 | 4 | |a deep learning |2 eng | |
| 650 | 4 | |a trading bot |2 eng | |
| 700 | 1 | |a Košťál, Kristián |u 070400 |k Z1 |4 ths |U FIIT Fakulta informatiky a informačných technológií |T FIIT Ústav počítačového inžinierstva a aplikovanej informatiky |X 52559 |U I400 |Y 672 |7 52559 | |
| 856 | 4 | |u http://is.stuba.sk/zp/portal_zp.pl?podrobnosti=170104 | |